000 00428nam a2200157Ia 4500
008 240729s9999 xx 000 0 und d
022 _a1553-7358
245 0 _aPLoS Computational Biology
260 _aUnited States
260 _bPublic Library of Science (PLoS)
650 _a Biology (General)
650 _aScience
856 _uhttps://doaj.org/toc/b4c52c82a9b146df8c348fbce28ec158
942 _2ddc
942 _cDOAJEJ
999 _c67483
_d67483
945 _a1
_bMadushi Gamage
_c1
_dMadushi Gamage